LEADER 01062nam a2200253 i 4500 001 991000236119707536 005 20020509164018.0 008 980216s1995 it ||| | ita 035 $ab11329579-39ule_inst 035 $aPARLA204522$9ExL 040 $aDip.to Filosofia$bita 082 0 $a840 100 1 $aGenovesi, Giovanni$0133889 245 13$aLa scuola come romanzo :$bimmagini e ideali di scuola e di insegnanti nella memorialistica e in de Amicis /$cGiovanni Genovesi, Anita Gramigna 260 $aFerrara :$bUniversità degli studi di Ferrara,$c1995 300 $a134 p. ;$c25 cm. 490 0 $aAnnali dell'Università di Ferrara. Nuova serie, sezione 3., filosofia, discussion paper ;$v42 650 4$aLetteratura italiana moderna 907 $a.b11329579$b01-03-17$c01-07-02 912 $a991000236119707536 945 $aLE005 FONDO SEMERARO 25$g1$i2005000010996$lle005$o-$pE0.00$q-$rl$s- $t0$u7$v2$w7$x0$y.i11502526$z01-07-02 996 $aScuola come romanzo$9824378 997 $aUNISALENTO 998 $ale005$b01-01-98$cm$da $e-$fita$git $h3$i1 LEADER 01752nam 2200469I 450 001 9910705825303321 005 20170807145832.0 035 $a(CKB)5470000002454167 035 $a(OCoLC)999820253 035 $a(EXLCZ)995470000002454167 100 $a20170807j199810 ua 0 101 0 $aeng 135 $aurbn||||||||| 181 $ctxt$2rdacontent 182 $cc$2rdamedia 183 $acr$2rdacarrier 200 10$aExperimental study of load carrying capacity of point contacts at zero entrainment velocity /$fB.A. Shogrin [and five others] 210 1$aCleveland, Ohio :$cNational Aeronautics and Space Administration, Lewis Research Center,$dOctober 1998. 215 $a1 online resource (6 pages) $cillustrations 225 1 $aNASA/TM ;$v1998-208650 300 $a"October 1998." 300 $a"Prepared for the AUSTRIB '98 sponsored by The Institution of Engineers, Brisbane, Australia, December 6-9, 1998." 300 $a"Performing organization: National Aeronautics and Space Administration, Lewis Research Center"--Report documentation page. 320 $aIncludes bibliographical references (pages 5-6). 606 $aTribology$2nasat 606 $aLubricants$2nasat 606 $aBall bearings$2nasat 606 $aNitrogen$2nasat 606 $aFilm thickness$2nasat 615 7$aTribology. 615 7$aLubricants. 615 7$aBall bearings. 615 7$aNitrogen. 615 7$aFilm thickness. 700 $aShogrin$b Bradley$01399581 712 02$aLewis Research Center, 801 0$bGPO 801 1$bGPO 906 $aBOOK 912 $a9910705825303321 996 $aExperimental study of load carrying capacity of point contacts at zero entrainment velocity$93465020 997 $aUNINA